000 01040aam a2200301 a 4500
999 _c323112
_d323112
003 BLK
005 20250730141828.0
008 181016b bu |||||r|||| 00| | bu d
020 _a978-619-151-429-8
040 _aBLK
041 _aBUL
_cBUL
080 _aАмериканска литература (на САЩ)
_b821.111(73)
_z821.111(73)-31
100 _aГейбъл, Мишел
_eпърви автор
_91299
139 _aГейбъл, Мишел
_bГ 28
245 _aКнига за лятото
_cМишел Гейбъл ; прев. от англ. Паулина Мичева.
260 _aСофия
_bСофтпрес
_c2018
_fДобрич : Фолиарт
300 _a432 с.
_c20 см
380 _aX
700 _aМичева, Паулина Стойчева
_9368043
852 _bП
_cП 820(73)-31/Г 28
852 _bЦб
_aЦб 296635
942 _cKNG
_2udc
_n0
_054
_s1
999 _d323112
999 _d323112
999 _d323112
999 _d323112
944 _k30531
_lЦветелина Шанова